UBT Library

CogLab reader / (Record no. 1247)

000 -LEADER
fixed length control field 00550nam a22001937a 4500
008 - FIXED-LENGTH DATA ELEMENTS--GENERAL INFORMATION
fixed length control field 151009b xxu||||| |||| 00| 0 eng d
020 ## - INTERNATIONAL STANDARD BOOK NUMBER
International Standard Book Number 9780534641207
020 ## - INTERNATIONAL STANDARD BOOK NUMBER
International Standard Book Number 0534641202
041 0# - LANGUAGE CODE
Language code of text/sound track or separate title eng
080 ## - UNIVERSAL DECIMAL CLASSIFICATION NUMBER
Universal Decimal Classification number 159.9
100 1# - Rafti
Rafti Surprenant, Aimée M.
245 10 - TITLE STATEMENT
Title CogLab reader /
Statement of responsibility, etc Aimée M. Surprenant, Greg Francis, Ian Neath.
260 ## -
-- Australia ;
-- Belmont, CA :
-- Thomson/Wadsworth,
-- 2005.
300 ## -
-- xiv, 429 f. :
-- me il.;
-- 24 cm.
650 #0 -
-- Psikologji
700 1# -
-- Francis, Greg.
700 1# -
-- Neath, Ian,
942 ## - ADDED ENTRY ELEMENTS (KOHA)
Source of classification or shelving scheme
Item type Books
Holdings
Withdrawn status Lost status Source of classification or shelving scheme Damaged status Not for loan Collection code Permanent location Current location Shelving location Date acquired Total Checkouts Full call number Barcode Date last seen Price effective from Koha item type
          Koleksioni i përgjithshem UBT - Lipjan UBT - Lipjan Koleksioni i përgjithshem 10/09/2015   159.9 SUR 002-008606 10/09/2015 10/09/2015 Books
          Koleksioni i përgjithshem UBT - Lipjan UBT - Lipjan Koleksioni i përgjithshem 10/09/2015   159.9 SUR 002-008607 10/09/2015 10/09/2015 Books
          Koleksioni i përgjithshem UBT - Lipjan UBT - Lipjan Koleksioni i përgjithshem 10/06/2017   159.9 FRA 002-2929489 10/06/2017 10/06/2017 Books
UBT Library © 2015-2024. All rights reserved University Education for Business and Technology